| 000 | 00379cam a22001217a 4500 | ||
|---|---|---|---|
| 008 | 180718b1973 xxu||||| |||| 00| 0 eng d | ||
| 082 | _aJ71x71 In8 | ||
| 245 |
_aDeveloping a Canadian urban policy : Some problems and proposals _cBy Simon Miles et al |
||
| 260 |
_aToronto _bIntermet _c1973 |
||
| 300 | _a91p | ||
| 650 | _aUrban policy - Canada | ||
| 650 | _aCities and towns - Canada | ||
| 999 |
_c410022 _d410022 |
||